Global perspectives of human resource management
Saved in:
| Main Author: | |
|---|---|
| Format: | Book |
| Language: | English |
| Published: |
New Jersey :
Prentice Hall,
1995
|
| Subjects: | |
| Tags: |
Add Tag
No Tags, Be the first to tag this record!
|
MARC
| LEADER | 00000nam a2200000 i 4500 | ||
|---|---|---|---|
| 001 | 1/54088 | ||
| 008 | 980403s1995 eng d | ||
| 020 | |a 0024096512 | ||
| 035 | |l 10027628 | ||
| 040 | |a GR-MY-UA |b gre |e aacr | ||
| 041 | 0 | |a eng | |
| 082 | 0 | |a 658.3 | |
| 100 | 1 | |a Shenkar, Oded. | |
| 245 | 1 | 0 | |a Global perspectives of human resource management / |c Oded Shenkar |
| 260 | |a New Jersey : |b Prentice Hall, |c 1995 | ||
| 300 | |a xi, 292 p. | ||
| 504 | |a Includes bibliographical references | ||
| 650 | 0 | 0 | |a Personnel management. |
| 650 | 0 | 0 | |a International business enterprises |x Personnel management. |
| 852 | |a INST |b CHIOS |e 19980403 |h 658.3 SHE |p 005200009594 |q 005200009594 |t BK |y 0 | ||
| 901 | |a BIBL-1998-1 | ||
| 909 | |a Χ |b 054332 | ||
| 922 | |a 2ΕΛΗ |b 199803 |c ΤΔΕ |d ΠΑΠΑΣΩΤΗΡΙΟΥ | ||